| 000 | 00390nam a2200157Ia 4500 | ||
|---|---|---|---|
| 003 | 0STCL | ||
| 008 | 150530s9999 xx 000 0 und d | ||
| 040 |
_aSTCL _cSTCL |
||
| 100 | _aMandal, R.C. | ||
| 245 | _aWeed weedicides and weed control principle and practice | ||
| 260 |
_bAgro Botanical _c1990 |
||
| 546 | _aEnglish | ||
| 942 |
_2ddc _cBK |
||
| 999 |
_c34802 _d34802 |
||
| 005 | 20220125170335.0 | ||